00605 2200169 4500245004000000020002200040250001100062100001900073650002000092005001900112260002800131041001400159084000800173300002300181500022200204336000900426 aScary Move OncEmbart NugrohohText a978-602-251-926-3 aCet. 1 aEmbart Nugroho aNovel Indonesia a20231004134452 aJakartabGrasindoc2015 aIndonesia a813 a138 hlm. :c19 cm. asiapa bilang pocong , sundel bolong , dan annabelle itu menakutkan ? buktinya cicicuit berteman sama mereka . gara -gara pindah rumah semuanya pun menjadi kacau . shasa yang cerewet jadi bahan ejekan para hantu usil. atext